Premiers mots d'une chanson ( 2 ) - Statistiques

Statistiques générales
  • Ce quiz a été pris 470 fois
  • Le résultat moyen est 12 sur 25
Statistiques - réponses
Chanson Paroles Artistes % Correct
L'aigle noir Un beau jour Ou était-ce une nuit? Près d'un lac, je m'étais endormi Barbara
85%
Je veux Donnez-moi une suite au Ritz, je n'en veux pas! Des bijoux de chez Chanel, je n'en veux pas! Zaz
84%
Hélène Seul sur le sable Les yeux dans l'eau Mon rêve était trop beau Roch Voisine
76%
Déjeuner en paix J'abandonne sur une chaise le journal du matin Les nouvelles sont mauvaises d'où qu'elles viennent Stephan Eicher
71%
Comme toi Elle avait les yeux clairs et la robe en velours A côté de sa mère et la famille autour Jean-Jacques Godman
68%
Confessions nocturnes - Ouais c'est qui là? - Mel c'est Vi', ouvre moi! - Ca va Vi'? T'as l'air bizarre! Qu'est-ce qui y a? Diam's & Vitaa
65%
Bye bye Tu es la seule qui m'aille, je te le dis sans faille Reste cool bébé sinon j'te dirai ... Ménélik
60%
Ma préférence Je le sais Sa façon d'être moi parfois vous déplaît Autour d'elle et moi le silence se fait Julien Clerc
60%
Cargo Trente-cinq jours sans voir la terre Pull rayé, mal rasé On vient de débarquer Axel Bauer
59%
Rue de la paix Je vends mon auto Puisque je roule trop vite Et que ça me fait peur Je vends mon magot Zazie
57%
Macumba Elle est venue sans bagage Comme échouée d'un naufrage Jean-Pierre Mader
55%
Avenir Partie loin derrière sans trop de raisons Tu m'as laissée hier, la fin de la saison Louane
54%
Sur la route Entre toute autre chose J'aurais dû m'arrêter, faire une pause Mais j'étais trop pressé De Palmas
54%
Cassé Je ne t'ai pas vu partir Ni entendu la porte claquer C'est un peu facile à dire Après quelques années Nolwenn Leroy
46%
Pomme C J'ai son image J'ai son e-mail Son cœur au bout du clavier Calogero
46%
Divine idylle Dans l'espoir docile Tes ailes fragiles Je te devine Vanessa Paradis
44%
Maldon Ka sa yé misyé bobo Fo pa'w kon-prann bibi sé on kouyon Zouk Machine
41%
Les planètes Seul dans mon monde Quatre heures du mat' loin des flash 207 chambre d'hôtel Je t'appelle mais tu décroches pas M Pokora
40%
Emmène-moi danser ce soir Aujourd'hui ça fait six ans que nous sommes mariés Tu m'as donné de beaux enfants tu sais Michèle Torr
26%
Manu Chao Je chante dans les Glaviots un groupe punk de Normandie On répète dans la grange tous les mardis et les jeudis Les Wampas
20%
Mathilde Ma mère voici le temps venu D'aller prier pour mon salut Jacques Brel
20%
Michèle Tu avais à peine quinze ans Tes cheveux portaient des rubans Tu habitais tout près Du Grand Palais Gérard Lenorman
20%
Mamy blue Je suis partie un soir d'été Sans dire un mot, sans t'embrasser Sans un regard sur le passé Nicoletta
18%
La fille du coupeur de joint Elle descendait de la montagne Sur un chariot chargé de paille Sur un chariot chargé de foin Hubert-Félix Thiéfaine
17%
Tout pour la musique Ils ont des idées plein la tête C'est des idées pour faire la fête Et leur langage qui ne veut rien dire Les fait pleurer ou les fait rire France Gall
9%
Aucun quiz correspondant
Distribution des résultats
% des personnes avec chaque résultat
Percentile par nombre de réponses
Votre historique - résultats
Vous n’avez pas pris ce quiz